| 000 -CABECERA |
| Longitud fija campo de control |
02518nam a22002534i 4500 |
| 003 - IDENTIFICADOR DEL NÚMERO DE CONTROL |
| Identificador del número de control |
OSt |
| 005 - FECHA Y HORA DE LA ÚLTIMA TRANSACCIÓN |
| Fecha y hora de la última transacción |
20170606163910.0 |
| 008 - CÓDIGOS DE INFORMACIÓN DE LONGITUD FIJA |
| Códigos de información de longitud fija |
170606e2017 spcd 000 0 spa d |
| 017 ## - NÚMERO DE COPYRIGHT O DE DEPÓSITO LEGAL |
| Número de copyright o de depósito legal |
DL B 2617-2017 |
| 020 ## - NÚMERO INTERNACIONAL NORMALIZADO PARA LIBROS |
| Número Internacional Normalizado para Libros (ISBN) |
9788416919024 |
| 040 ## - FUENTE DE LA CATALOGACIÓN |
| Centro transcriptor |
CDMR |
| 245 00 - MENCIÓN DE TÍTULO |
| Título |
Austeridad y clientelismo |
| Resto del título |
: política audiovisual en España en el contexto mediterráneo y de la crisis financiera / |
| Mención de responsabilidad, etc. |
Isabel Fernández Alonso (ed.) |
| 250 ## - MENCIÓN DE EDICIÓN |
| Mención de edición |
Primera edición |
| 264 #1 - PRODUCCIÓN, PUBLICACIÓN , DISTRIBUCIÓN, FABRICACIÓN Y COPYRIGHT |
| Lugar de producción, publicación, distribución, fabricación |
Barcelona : |
| Nombre del productor, editor, distribuidor, fabricante |
Editorial Gedisa, |
| Fecha de de producción, publicación, distribución, fabricación o copyright |
2017 |
| 300 ## - DESCRIPCIÓN FÍSICA |
| Extensión |
287 p. : |
| Otras características físicas |
taules, gràfics ; |
| Dimensiones |
23 cm |
| 505 8# - NOTA DE CONTENIDO CON FORMATO |
| Nota de contenido con formato |
Italia: políticas sobre concentración y medios públicos / Alessandro D'Arma -- Grecia: desregulación y cierre de los medios públicos / Stylianos Papathanassopoulos -- Portugal: políticas de transparencia y reforma de los medios públicos / Mariana Lameiras y Helena Sousa -- La política audiovisual de la Unión Europea / Maria Corominas i Piulats -- Crisis de credibilidad y debilidad financiera de RTVE / Isabel Fernández Alonso, Ana Fernández Viso y José Joaquín Blasco Gil -- La autoridad estatal reguladora del audiovisual: el largo camino hacia la CNMC... y su incierto futuro / Ana Fernández Viso -- Políticas de espectro y su incidencia en la TDT / Eladio Gutiérrez Montes -- Políticas de fomento de la cinematografía y del audiovisual / María-Jesús Díaz-González y Miguel Ángel Casado -- Medios públicos autonómicos: merma en la financiación, gobierno parlamentario y externalización creciente de la gestión / Miguel Ángel Casado, Juan Carlos Miguel e Isabel Sarabia -- Los consejos audiovisuales de Cataluña y Andalucía. Composición, funciones y actuaciones / Aurora Labio -- Políticas de televisión en las comunidades autónomas. Los casos de Andalucía, Cataluña, Extremadura y Madrid / Josep Àngel Guimerà i Orts y José Joaquín Blasco Gil -- Políticas de fomento del audiovisual autonómico / Miguel Ángel Casado y María-Jesús Díaz-González -- Balance y retos de la política audiovisual en España / Isabel Fernández Alonso |
| 650 #7 - PUNTO DE ACCESO ADICIONAL DE MATERIA - TÉRMINO DE MATERIA |
| Término de materia o nombre geográfico como elemento inicial |
Cinematografia |
| Subdivisión de materia general |
Dret i legislació |
| Subdivisión geográfica |
Espanya |
| Fuente del encabezamiento o término |
lemac |
| 9 (RLIN) |
4153 |
| 650 07 - PUNTO DE ACCESO ADICIONAL DE MATERIA - TÉRMINO DE MATERIA |
| Término de materia o nombre geográfico como elemento inicial |
Mitjans de comunicació de massa |
| Subdivisión de materia general |
Dret i legislació |
| Subdivisión geográfica |
Espanya |
| Fuente del encabezamiento o término |
lemac |
| 9 (RLIN) |
3370 |
| 651 #7 - PUNTO DE ACCESO ADICIONAL DE MATERIA - NOMBRE GEOGRÁFICO |
| Nombre geográfico |
Espanya |
| Subdivisión de materia general |
Política de l'audiovisual |
| Fuente del encabezamiento o término |
lemac |
| 651 #7 - PUNTO DE ACCESO ADICIONAL DE MATERIA - NOMBRE GEOGRÁFICO |
| Nombre geográfico |
Europa |
| Subdivisión de materia general |
Política de l'audiovisual |
| Fuente del encabezamiento o término |
lemac |
| 700 1# - PUNTO DE ACCESO ADICIONAL - NOMBRE DE PERSONA |
| Nombre de persona |
Fernández Alonso, Isabel, |
| Término indicativo de función |
editor literari |
| 700 12 - PUNTO DE ACCESO ADICIONAL - NOMBRE DE PERSONA |
| Información sobre la relación |
Contenidor de (obra): |
| Nombre de persona |
D'Arma, Alessandro. |
| Título de la obra |
Italia : políticas sobre concentración y medios públicos |
| 942 ## - ENTRADA DE ELEMENTOS AGREGADOS (KOHA) |
| Koha [por defecto] tipo de item |
Monografies |